00637nam a2200169 a 450000100100000000500170001000800410002702000150006804000250008310000220010824000360013024501060016626000520027230000210032495201050034599900170045000004500620201002045811.0150128s1983 mx 000 0 spa d a9684092040 aDO-SdBNPbspacBNPHU1 aCase, John97301710aUnderstanding inflationlIngles10aComo entender la inflación. :bporque pagamos mas, obtenemos menos y ue podemos hacer /cJohn Case. aMexico, :bEditores asociados Mexicanos,c1983. a202 p. ;c20 cm. 001050718MOaGRbGRcCTd2015-01-28iLF1l0o p45006-10r2020-06-25w2020-06-25y1ZNo se presta c44495d44495